[Event "Aimchess Meltwater Champions"]
[Site "chess24.com INT"]
[Date "2022.10.16"]
[Round "12"]
[White "Vincent Keymer"]
[Black "S Vidit"]
[Result "0-1"]
[EventDate "2022.10.14"]
[WhiteElo "2700"]
[BlackElo "2710"]
[PlyCount "66"]

1. d4 d5 2. Nf3 Nf6 3. e3 c5 4. Be2 Nc6 5. c3 e6 6. O-O Bd6 7. dxc5 Bxc5 8. b4 Bd6 9. Nbd2 O-O 10. Bb2 e5 11. b5 Na5 12. c4 e4 13. Nd4 Nxc4 14. Nxc4 dxc4 15. Rc1 Qe7 16. Rxc4 Qe5 17. g3 Bh3 18. Re1 Rfe8 19. Nf5 Qxb2 20. Nxd6 Re7 21. Qd4 Qxa2 22. Ra4 Qe6 23. Bc4 Qd7 24. b6 a6 25. Ra5 Rd8 26. Rd1 Qg4 27. Rd2 Red7 28. Nxf7 Rxd4 29. exd4 Kf8 30. Nxd8 Qc8 31. Rc5 Qxd8 32. Rc7 Nd5 33. Rxb7 Qc8 0-1

[Event "Aimchess Meltwater Champions"]
[Site "chess24.com INT"]
[Date "2022.10.15"]
[Round "5.2"]
[White "Vincent Keymer"]
[Black "Shakhriyar Mamedyarov"]
[Result "1-0"]
[EventDate "2022.10.14"]
[WhiteElo "2700"]
[BlackElo "2747"]
[PlyCount "64"]

1. Nf3 d5 2. e3 c5 3. b3 g6 4. Bb2 Nf6 5. c4 dxc4 6. Bxc4 Bg7 7. O-O O-O 8. d4 cxd4 9. Nxd4 Bd7 10. Nd2 Nc6 11. N2f3 Qb6 12. h3 Rac8 13. Rc1 Rfd8 14. Qe2 a6 15. Rfd1 Be8 16. Nxc6 Rxd1+ 17. Qxd1 Rxc6 18. Ne5 Rd6 19. Qf3 Qb4 20. Nd3 Qd2 21. Bc3 Qxa2 22. Qxb7 Bf8 23. Qb8 Bb5 24. Nb4 Qa5 25. Nc6 Qa3 26. Ra1 Qc5 27. Nxe7+ Kg7 28. Nd5 Rxd5 29. Bxf6+ Kxf6 30. Bxd5 Bd6 31. Qh8+ Ke7 32. Qd4 1-0

[Event "Aimchess Meltwater Champions"]
[Site "chess24.com INT"]
[Date "2022.10.15"]
[Round "7.1"]
[White "Vincent Keymer"]
[Black "Anish Giri"]
[Result "1/2-1/2"]
[EventDate "2022.10.14"]
[WhiteElo "2700"]
[BlackElo "2764"]
[PlyCount "110"]

1. c4 e5 2. d3 Nf6 3. Nf3 Nc6 4. a3 d5 5. cxd5 Nxd5 6. e4 Nb6 7. Be2 Be7 8. Be3 O-O 9. O-O Be6 10. Nbd2 a5 11. Nb3 Nd7 12. Rc1 a4 13. Nbd2 Bf6 14. Qc2 Re8 15. h3 Nf8 16. Rfe1 Ng6 17. Bf1 h6 18. Red1 Nh4 19. Nxh4 Bxh4 20. b4 axb3 21. Nxb3 Rxa3 22. Nc5 Bc8 23. Qb2 Ra7 24. Nb3 Ra4 25. d4 exd4 26. Nxd4 Bf6 27. Nxc6 Bxb2 28. Nxd8 Bxc1 29. Bb5 Bxe3 30. Bxa4 Rxe4 31. Bc2 Bxf2+ 32. Kxf2 Rf4+ 33. Kg3 g5 34. Bb3 Kg7 35. Bd5 c6 36. Bxf7 Rxf7 37. Nxf7 Kxf7 38. Rd6 Be6 39. Rd8 b5 40. Rb8 Bd5 41. Kf2 h5 42. g3 Be6 43. h4 gxh4 44. gxh4 Kf6 45. Rh8 Bf7 46. Rc8 Bd5 47. Ke3 Kf5 48. Rf8+ Kg4 49. Rf4+ Kg3 50. Rd4 Be6 51. Rd1 Kxh4 52. Kf4 Kh3 53. Rh1+ Kg2 54. Rxh5 b4 55. Ke3 b3 1/2-1/2

[Event "Aimchess Meltwater Champions"]
[Site "chess24.com INT"]
[Date "2022.10.15"]
[Round "8.8"]
[White "Vincent Keymer"]
[Black "Mittal Aditya"]
[Result "0-1"]
[EventDate "2022.10.14"]
[WhiteElo "2700"]
[BlackElo "2486"]
[PlyCount "82"]

1. Nf3 Nf6 2. c4 e6 3. b3 d5 4. Bb2 c5 5. cxd5 exd5 6. g3 Nc6 7. Bg2 d4 8. O-O Be7 9. Na3 O-O 10. Nc4 Be6 11. e3 Bd5 12. exd4 cxd4 13. Re1 Re8 14. Nfe5 Bxg2 15. Kxg2 Qd5+ 16. Qf3 Nb4 17. Red1 b5 18. Qxd5 Nfxd5 19. Na5 Bc5 20. Nac6 Rac8 21. Nxb4 Nxb4 22. Nf3 d3 23. a4 Nc2 24. Rac1 Re2 25. Bd4 Bxd4 26. Nxd4 bxa4 27. bxa4 Re4 28. Nf5 Rc5 29. Rb1 h5 30. Nd6 Re6 31. Rb8+ Kh7 32. Rd8 Re2 33. h4 Kg6 34. Rb1 Ne1+ 35. Kf1 Nf3 36. Rd1 Rd5 37. Kg2 Nxd2 38. a5 Nc4 39. Nxc4 Rxd8 40. Kf3 f6 41. Nd2 Rd5 0-1

[Event "Aimchess Meltwater Champions"]
[Site "chess24.com INT"]
[Date "2022.10.14"]
[Round "1.4"]
[White "Vincent Keymer"]
[Black "Nils Grandelius"]
[Result "1-0"]
[EventDate "2022.10.14"]
[WhiteElo "2700"]
[BlackElo "2651"]
[PlyCount "58"]

1. c4 e5 2. d3 Nf6 3. Nf3 Nc6 4. a3 d5 5. cxd5 Nxd5 6. e4 Nb6 7. Be2 Be7 8. Be3 O-O 9. O-O a5 10. Nc3 Be6 11. Nb5 Bf6 12. Rc1 Re8 13. d4 exd4 14. Nfxd4 Nxd4 15. Nxd4 Bd7 16. Qc2 Ba4 17. Qd3 Re7 18. Nf5 Rd7 19. Qb1 Bb3 20. f4 Be6 21. e5 Nd5 22. Rf3 Bxf5 23. Qxf5 Nxe3 24. Rxe3 Be7 25. e6 fxe6 26. Qxe6+ Kh8 27. Bg4 Rd3 28. Qxe7 Qd4 29. Re1 1-0

[Event "Aimchess Meltwater Champions"]
[Site "chess24.com INT"]
[Date "2022.10.14"]
[Round "2.6"]
[White "Daniel Naroditsky"]
[Black "Vincent Keymer"]
[Result "1/2-1/2"]
[EventDate "2022.10.14"]
[WhiteElo "2617"]
[BlackElo "2700"]
[PlyCount "84"]

1. e4 c5 2. Nf3 d6 3. Bb5+ Nd7 4. O-O a6 5. Bd3 Ngf6 6. Re1 e6 7. Bf1 b6 8. c4 Bb7 9. Nc3 Ne5 10. d4 Nxf3+ 11. gxf3 g6 12. Be3 Bg7 13. Qd2 O-O 14. Rad1 Nh5 15. dxc5 dxc5 16. Qxd8 Raxd8 17. Na4 Bd4 18. Bxd4 cxd4 19. Nxb6 f5 20. c5 fxe4 21. fxe4 Rf4 22. Bh3 Kg7 23. Bxe6 Bxe4 24. Bd7 Nf6 25. h3 Bf3 26. c6 Nxd7 27. c7 Rg8 28. c8=Q Rxc8 29. Nxc8 Bxd1 30. Rxd1 Ne5 31. Nb6 Rf6 32. Na4 d3 33. Nc5 Rc6 34. b4 a5 35. a3 d2 36. Kf1 Nc4 37. Nb3 axb4 38. axb4 Rd6 39. Ke2 Re6+ 40. Kf1 Rf6 41. Ke2 Re6+ 42. Kf1 1/2-1/2

[Event "Aimchess Meltwater Champions"]
[Site "chess24.com INT"]
[Date "2022.10.14"]
[Round "4.7"]
[White "Jan-Krzysztof Duda"]
[Black "Vincent Keymer"]
[Result "0-1"]
[EventDate "2022.10.14"]
[WhiteElo "2731"]
[BlackElo "2700"]
[PlyCount "82"]

1. d4 Nf6 2. c4 e6 3. Nf3 d5 4. Nc3 c5 5. cxd5 Nxd5 6. e4 Nxc3 7. bxc3 cxd4 8. cxd4 Bb4+ 9. Bd2 Bxd2+ 10. Qxd2 O-O 11. Bc4 Nd7 12. O-O b6 13. Rfe1 Bb7 14. Rad1 Rc8 15. Bb3 h6 16. Re3 Nf6 17. d5 exd5 18. exd5 Qd6 19. Nd4 Qd7 20. Ne2 Rfe8 21. Ng3 a5 22. a4 Rxe3 23. fxe3 b5 24. e4 bxa4 25. Ba2 Qd6 26. Qd4 Qb4 27. Nf5 Qxd4+ 28. Nxd4 Nxe4 29. Rb1 Rc7 30. Nf5 Nc3 31. d6 Rd7 32. Rb2 Kh7 33. Bc4 Be4 34. Ne7 Rxd6 35. Bxf7 Rd1+ 36. Kf2 Rd8 37. Kg3 a3 38. Rf2 Bb1 39. Nc6 Rf8 40. Bg6+ Bxg6 41. Rxf8 a2 0-1

[Event "Julius Baer Generation Cup"]
[Site "chess24.com INT"]
[Date "2022.09.22"]
[Round "1.11"]
[White "Vincent Keymer"]
[Black "R Praggnanandhaa"]
[Result "1-0"]
[EventDate "2022.09.22"]
[WhiteElo "2693"]
[BlackElo "2676"]
[PlyCount "86"]

1. d4 d5 2. Nf3 Nf6 3. e3 c5 4. Be2 Nc6 5. c3 cxd4 6. exd4 Bg4 7. Bf4 e6 8. Nbd2 Bd6 9. Bxd6 Qxd6 10. O-O O-O 11. Re1 Qc7 12. a4 Rab8 13. h3 Bh5 14. Bd3 a6 15. Qe2 Rfe8 16. Qe3 Bg6 17. Bxg6 hxg6 18. Ne5 Nd7 19. Nd3 Na5 20. Nf3 Nc4 21. Qg5 a5 22. Rac1 Nd6 23. Qf4 Rec8 24. Ng5 Nf8 25. h4 b5 26. axb5 Rxb5 27. Qg4 Nd7 28. Qh3 Nf6 29. Re2 Rcb8 30. Rcc2 R5b6 31. Ne5 a4 32. g4 a3 33. bxa3 Rb1+ 34. Kg2 Ra1 35. Ra2 Rd1 36. Rab2 Ra8 37. Rb3 Ra1 38. h5 gxh5 39. gxh5 R1xa3 40. Rxa3 Rxa3 41. h6 Rxc3 42. h7+ Kh8 43. Ngxf7+ 1-0

[Event "Julius Baer Generation Cup"]
[Site "chess24.com INT"]
[Date "2022.09.22"]
[Round "1.12"]
[White "R Praggnanandhaa"]
[Black "Vincent Keymer"]
[Result "1/2-1/2"]
[EventDate "2022.09.22"]
[WhiteElo "2676"]
[BlackElo "2693"]
[PlyCount "134"]

1. d4 Nf6 2. c4 e6 3. Nf3 d5 4. Nc3 c5 5. cxd5 Nxd5 6. e4 Nxc3 7. bxc3 cxd4 8. cxd4 Bb4+ 9. Bd2 Bxd2+ 10. Qxd2 O-O 11. Bc4 Nd7 12. O-O b6 13. Rac1 Bb7 14. d5 Nc5 15. Rfe1 Qf6 16. Qe3 e5 17. Nd2 Rac8 18. Be2 Qg6 19. Bf3 Ba6 20. Qa3 Qg5 21. Re3 Bb5 22. h3 a6 23. Be2 Bxe2 24. Rxe2 f5 25. Nf3 Qf6 26. Qc3 fxe4 27. Nxe5 Nd3 28. Qxc8 Qxe5 29. d6 Nxc1 30. Qxc1 Qxd6 31. Rxe4 b5 32. Qe3 Qd1+ 33. Kh2 Qd6+ 34. f4 h6 35. a3 Qf6 36. Rd4 Kh8 37. Re4 Kg8 38. a4 bxa4 39. Rxa4 Kh8 40. Qc5 Rd8 41. Qa7 Rd2 42. Qxa6 Qxa6 43. Rxa6 Kg8 44. Kg3 Rb2 45. Ra7 Kh7 46. Ra6 Kg8 47. Kf3 Kf7 48. Ra3 h5 49. g4 hxg4+ 50. hxg4 g6 51. Ra7+ Ke6 52. g5 Rb3+ 53. Kg4 Rb6 54. Rg7 Kd5 55. Rf7 Ra6 56. Rd7+ Ke6 57. Rg7 Kd5 58. Rg8 Rb6 59. Rf8 Ra6 60. Re8 Rb6 61. Re7 Kd6 62. Ra7 Kd5 63. Rd7+ Ke6 64. Rg7 Kd5 65. Rf7 Ra6 66. Kf3 Ra3+ 67. Kg4 Ra6 1/2-1/2

[Event "Julius Baer Generation Cup"]
[Site "chess24.com INT"]
[Date "2022.09.22"]
[Round "1.13"]
[White "Vincent Keymer"]
[Black "R Praggnanandhaa"]
[Result "1/2-1/2"]
[EventDate "2022.09.22"]
[WhiteElo "2693"]
[BlackElo "2676"]
[PlyCount "82"]

1. d4 d5 2. Nf3 Nf6 3. e3 c5 4. Be2 Nc6 5. c3 cxd4 6. exd4 Bg4 7. Bf4 Bxf3 8. Bxf3 e6 9. Nd2 Bd6 10. Be3 O-O 11. O-O h6 12. g3 Qc7 13. Be2 Rad8 14. Re1 e5 15. dxe5 Bxe5 16. Nf3 Ng4 17. Bc5 Rfe8 18. Bb5 a6 19. Bxc6 Qxc6 20. Bd4 Bxd4 21. Nxd4 Qd7 22. Qc2 Ne5 23. Kg2 Nc6 24. Qd3 Nxd4 25. Qxd4 Qb5 26. b3 Rc8 27. Rxe8+ Rxe8 28. Rd1 Re2 29. Qxd5 Qxd5+ 30. Rxd5 Rxa2 31. Rd8+ Kh7 32. Rb8 b5 33. c4 bxc4 34. bxc4 a5 35. Ra8 Rc2 36. Rxa5 Rxc4 37. h4 g6 38. Ra7 Kg7 39. Ra6 h5 40. Ra5 Rc8 41. Ra7 Rb8 1/2-1/2

[Event "Julius Baer Generation Cup"]
[Site "chess24.com INT"]
[Date "2022.09.22"]
[Round "1.14"]
[White "R Praggnanandhaa"]
[Black "Vincent Keymer"]
[Result "0-1"]
[EventDate "2022.09.22"]
[WhiteElo "2676"]
[BlackElo "2693"]
[PlyCount "84"]

1. Nf3 d5 2. g3 c5 3. Bg2 Nf6 4. O-O e6 5. c4 d4 6. e3 Nc6 7. exd4 cxd4 8. d3 Bc5 9. Bg5 h6 10. Bxf6 gxf6 11. Na3 O-O 12. Rb1 Kg7 13. Qd2 Qd6 14. Nc2 a5 15. a3 a4 16. Qe2 f5 17. Nd2 Bd7 18. b4 axb3 19. Nxb3 b6 20. Nxc5 bxc5 21. Rb5 e5 22. Rfb1 Rab8 23. Ne1 Rfe8 24. Qc2 Na7 25. Rxb8 Rxb8 26. Rxb8 Qxb8 27. Nf3 Nc8 28. h3 f6 29. Nh4 Nd6 30. Bd5 Qb6 31. Qd1 Qb2 32. a4 e4 33. Qh5 Qc1+ 34. Kg2 Qg5 35. Qd1 f4 36. dxe4 fxg3 37. fxg3 Qe3 38. Qc2 d3 39. Qf2 Bxh3+ 40. Kg1 Qc1+ 41. Kh2 Qc2 42. Kg1 d2 0-1

[Event "German Masters 2022"]
[Site "Magdeburg GER"]
[Date "2022.08.24"]
[Round "9.1"]
[White "Frederik Svane"]
[Black "Vincent Keymer"]
[Result "1/2-1/2"]
[EventDate "2022.08.16"]
[WhiteElo "2547"]
[BlackElo "2672"]
[PlyCount "154"]

1. c4 Nf6 2. Nc3 e5 3. Nf3 Nc6 4. d3 Bb4 5. Bd2 O-O 6. e3 d5 7. cxd5 Nxd5 8. Be2 Nxc3 9. bxc3 Bd6 10. e4 Re8 11. Bg5 Qd7 12. O-O Qe6 13. h3 Qg6 14. Kh1 b6 15. Be3 Bb7 16. Qd2 Be7 17. Rad1 Rad8 18. Qc2 h6 19. Rd2 Qe6 20. Nh2 Bg5 21. Bg4 Qe7 22. Nf3 Bf6 23. Ne1 Na5 24. f4 c5 25. Nf3 Nc6 26. fxe5 Nxe5 27. Nxe5 Qxe5 28. c4 Qc3 29. Qxc3 Bxc3 30. Rdd1 Bc6 31. Be2 Ba4 32. Rc1 Bb2 33. Rb1 Bd4 34. Bxd4 Rxd4 35. Rb2 Re6 36. Kg1 g6 37. Rf3 Kg7 38. Kf2 Re5 39. Bf1 f5 40. Re3 fxe4 41. Rxe4 Rexe4 42. dxe4 Rxe4 43. g3 g5 44. Rd2 Rd4 45. Ke3 Rxd2 46. Kxd2 Kf6 47. Ke3 Ke5 48. h4 g4 49. Bg2 Bc2 50. Bb7 Bf5 51. a3 Bd7 52. Ba6 Bf5 53. Bb7 Be6 54. Ba6 Bd7 55. Bb7 b5 56. cxb5 Bxb5 57. Bc8 h5 58. Bb7 Bd7 59. Kd3 Be6 60. Bc6 Bf7 61. Be4 Be6 62. Bc6 c4+ 63. Ke3 Bf7 64. Be4 Be8 65. Bh7 Kd5 66. Be4+ Kc5 67. Bh7 Bf7 68. Be4 c3 69. Bd3 a5 70. Bb1 Be8 71. Bf5 Kc4 72. Be6+ Kb5 73. Kd3 Ka4 74. Kxc3 Kxa3 75. Bb3 Bg6 76. Be6 Be8 77. Bb3 Bg6 1/2-1/2

[Event "German Masters 2022"]
[Site "Magdeburg GER"]
[Date "2022.08.23"]
[Round "8.1"]
[White "Vincent Keymer"]
[Black "Jonas Rosner"]
[Result "1-0"]
[EventDate "2022.08.16"]
[WhiteElo "2672"]
[BlackElo "2464"]
[PlyCount "72"]

1. c4 c6 2. Nf3 d5 3. e3 Nf6 4. Nc3 e6 5. b3 Bd6 6. Bb2 O-O 7. Be2 b6 8. O-O Bb7 9. d4 Nbd7 10. a4 a5 11. Bd3 Qe7 12. Rc1 Rac8 13. Re1 Rfd8 14. e4 dxe4 15. Nxe4 Nxe4 16. Bxe4 Nf6 17. Qc2 Ba3 18. Bxa3 Qxa3 19. c5 bxc5 20. dxc5 Ba6 21. Ne5 Nxe4 22. Qxe4 Qxb3 23. Nxc6 Rd7 24. Nxa5 Qd5 25. c6 Rd6 26. Qb4 Qd4 27. Qb3 Qa7 28. h3 Rd5 29. Nb7 h6 30. Qb4 Rb8 31. Rb1 Bxb7 32. Qb6 Qxa4 33. c7 Rc8 34. Qxb7 Qd7 35. Qxc8+ Qxc8 36. Rb8 1-0

[Event "German Masters 2022"]
[Site "Magdeburg GER"]
[Date "2022.08.22"]
[Round "7.1"]
[White "Dmitrij Kollars"]
[Black "Vincent Keymer"]
[Result "1/2-1/2"]
[EventDate "2022.08.16"]
[WhiteElo "2643"]
[BlackElo "2672"]
[PlyCount "80"]

1. c4 Nf6 2. Nc3 e5 3. Nf3 Nc6 4. g3 Bb4 5. Bg2 O-O 6. O-O e4 7. Ng5 Bxc3 8. bxc3 Re8 9. f3 exf3 10. Nxf3 Qe7 11. e3 d6 12. d3 Ne5 13. Nd4 c5 14. Nf5 Bxf5 15. Rxf5 d5 16. cxd5 c4 17. dxc4 Nxc4 18. Qd4 Nxe3 19. Bxe3 Qxe3+ 20. Qxe3 Rxe3 21. c4 b6 22. a4 Kf8 23. a5 Rc8 24. Bf1 Ne8 25. axb6 axb6 26. Rb1 Nd6 27. Rf4 g5 28. Rf6 Nxc4 29. Bxc4 Rxc4 30. Rbxb6 Rc2 31. Rf2 Ree2 32. Rxe2 Rxe2 33. g4 Ke7 34. Rh6 Rd2 35. Rxh7 Rxd5 36. Kg2 Rd4 37. Kf3 Rf4+ 38. Kg3 Ra4 39. h4 Ra3+ 40. Kg2 gxh4 1/2-1/2

[Event "German Masters 2022"]
[Site "Magdeburg GER"]
[Date "2022.08.21"]
[Round "6.1"]
[White "Vincent Keymer"]
[Black "Rasmus Svane"]
[Result "1-0"]
[EventDate "2022.08.16"]
[WhiteElo "2672"]
[BlackElo "2640"]
[PlyCount "100"]

1. c4 Nf6 2. Nf3 e6 3. b3 d5 4. Bb2 c5 5. cxd5 exd5 6. g3 Nc6 7. Bg2 d4 8. O-O Be7 9. Na3 O-O 10. Nc4 Be6 11. e3 Rc8 12. Nce5 Nxe5 13. Nxe5 Qb6 14. Rc1 dxe3 15. dxe3 Qa6 16. a4 Rfd8 17. Qc2 Nd5 18. Be4 Nf6 19. Bd3 Qb6 20. Nc4 Bxc4 21. Bxc4 Ne8 22. e4 Nc7 23. f4 Ne6 24. e5 Qc6 25. Rce1 a6 26. a5 Nd4 27. Bxd4 cxd4 28. Qd3 Qc5 29. f5 Bg5 30. e6 Qxa5 31. exf7+ Kh8 32. Qxd4 b5 33. Qe4 Rf8 34. Be6 Rcd8 35. Re2 Qb6+ 36. Kg2 a5 37. Bd5 Qc5 38. Rd1 a4 39. b4 Qa7 40. Rd3 Bf6 41. Qf3 h6 42. Rde3 Qd7 43. Ba2 Qd6 44. Re6 Qd4 45. Qc6 Kh7 46. R6e4 Qd3 47. Re8 a3 48. Qc5 g6 49. fxg6+ Kxg6 50. Bb1 1-0

[Event "German Masters 2022"]
[Site "Magdeburg GER"]
[Date "2022.08.20"]
[Round "5.1"]
[White "Daniel Fridman"]
[Black "Vincent Keymer"]
[Result "1/2-1/2"]
[EventDate "2022.08.16"]
[WhiteElo "2606"]
[BlackElo "2672"]
[PlyCount "54"]

1. d4 Nf6 2. c4 e6 3. Nf3 d5 4. Nc3 c5 5. cxd5 Nxd5 6. g3 cxd4 7. Nxd5 Qxd5 8. Qxd4 Qb5 9. e4 Qb4+ 10. Qxb4 Bxb4+ 11. Bd2 Nc6 12. Bb5 Bd7 13. Bxc6 Bxd2+ 14. Kxd2 Bxc6 15. Ke3 f5 16. exf5 Rf8 17. Rhe1 Bxf3 18. Kxf3 Rxf5+ 19. Kg2 Ke7 20. Rac1 Rd8 21. Re2 Rfd5 22. f4 Kf6 23. Kf3 Rd3+ 24. Re3 Rd2 25. Re2 R2d3+ 26. Re3 Rd2 27. Re2 R2d3+ 1/2-1/2

[Event "German Masters 2022"]
[Site "Magdeburg GER"]
[Date "2022.08.19"]
[Round "4.1"]
[White "Vincent Keymer"]
[Black "Niclas Huschenbeth"]
[Result "1/2-1/2"]
[EventDate "2022.08.16"]
[WhiteElo "2672"]
[BlackElo "2607"]
[PlyCount "132"]

1. c4 e6 2. Nc3 d5 3. d4 c5 4. cxd5 cxd4 5. Qxd4 Nc6 6. Qd1 exd5 7. Qxd5 Bd6 8. g3 Nf6 9. Qd1 O-O 10. Bg2 Qe7 11. Nf3 Rd8 12. Qc2 Nb4 13. Qb1 Bc5 14. O-O h6 15. Bf4 g5 16. Bc1 a5 17. a3 Nc6 18. h4 g4 19. Nd2 Nd4 20. Nde4 Bf5 21. Bxh6 Nxe2+ 22. Nxe2 Nxe4 23. Qe1 Rd3 24. Be3 Bxe3 25. fxe3 Qe5 26. Nf4 Rd6 27. Rd1 Rxd1 28. Qxd1 Nxg3 29. Re1 Rc8 30. Qd4 Re8 31. Kf2 Ne4+ 32. Bxe4 Bxe4 33. Rc1 Bc6 34. Qxe5 Rxe5 35. Rc3 Rb5 36. b3 Bf3 37. Nd3 Kg7 38. Kg3 Kf6 39. a4 Rd5 40. Nf2 Kf5 41. Rc7 b5 42. Rxf7+ Ke6 43. Rc7 Re5 44. Rc8 Kd7 45. Rc3 b4 46. Nxg4 Rf5 47. Rd3+ Ke6 48. Nf2 Be2 49. Rd4 Rf3+ 50. Kg2 Rxe3 51. Re4+ Rxe4 52. Nxe4 Kd5 53. Kf2 Bd1 54. Nd2 Kd4 55. Ke1 Bc2 56. h5 Kc3 57. Ke2 Bd3+ 58. Ke3 Bh7 59. Ke2 Bd3+ 60. Ke3 Bh7 61. h6 Bg6 62. Ke2 Bd3+ 63. Kd1 Kb2 64. Nc4+ Kxb3 65. Nxa5+ Kxa4 66. Kd2 1/2-1/2

[Event "German Masters 2022"]
[Site "Magdeburg GER"]
[Date "2022.08.18"]
[Round "3.1"]
[White "Luis Engel"]
[Black "Vincent Keymer"]
[Result "0-1"]
[EventDate "2022.08.16"]
[WhiteElo "2557"]
[BlackElo "2672"]
[PlyCount "108"]

1. e4 c5 2. Nf3 d6 3. d4 cxd4 4. Nxd4 Nf6 5. Nc3 a6 6. h3 e5 7. Nde2 h5 8. g3 Be7 9. Bg2 b5 10. Nd5 Nxd5 11. Qxd5 Ra7 12. Qd3 Nd7 13. Nc3 Nf6 14. Be3 Rb7 15. O-O O-O 16. Rfd1 b4 17. Ne2 Be6 18. Qxa6 Qc8 19. b3 Bd7 20. c4 Bc6 21. a3 bxa3 22. Rxa3 Nxe4 23. Rd3 Rc7 24. Qxc8 Rfxc8 25. Ra6 f5 26. g4 g6 27. f4 Kf7 28. Rb6 hxg4 29. hxg4 Ra7 30. Nc3 exf4 31. Bxf4 Ra1+ 32. Rd1 Bd8 33. Rxc6 Rxd1+ 34. Nxd1 Rxc6 35. gxf5 gxf5 36. Ne3 Bb6 37. Kf1 Bxe3 38. Bxe3 Ra6 39. Ke2 Ra2+ 40. Kf3 Kf6 41. b4 Nd2+ 42. Kf4 Nxc4 43. Bd5 Ra4 44. Bf2 Ne5 45. Bh4+ Kg6 46. Be7 Rxb4+ 47. Ke3 f4+ 48. Kf2 Kf5 49. Bxd6 Rd4 50. Bxe5 Rxd5 51. Bc7 Ke4 52. Ke2 Rc5 53. Bb6 Rc2+ 54. Ke1 Kf3 0-1

[Event "German Masters 2022"]
[Site "Magdeburg GER"]
[Date "2022.08.17"]
[Round "2.1"]
[White "Vincent Keymer"]
[Black "Arik Braun"]
[Result "1-0"]
[EventDate "2022.08.16"]
[WhiteElo "2672"]
[BlackElo "2594"]
[PlyCount "184"]

1. d4 Nf6 2. c4 e6 3. Nf3 a6 4. Nc3 d5 5. cxd5 exd5 6. Bg5 Be6 7. e3 Nbd7 8. Bf4 c6 9. Bd3 Bg4 10. h3 Bh5 11. Qb3 Bxf3 12. gxf3 b5 13. O-O-O Be7 14. Qc2 Nh5 15. Bh2 g6 16. Rhg1 Rc8 17. Kb1 Nf8 18. Be5 f6 19. Bh2 Qd7 20. e4 Ne6 21. exd5 cxd5 22. Qb3 Nhf4 23. Rge1 Kf8 24. Bf1 Kg7 25. a4 b4 26. Na2 Rc6 27. Nc1 Rhc8 28. Qe3 Bd6 29. Nb3 Rc3 30. bxc3 Rxc3 31. Nc1 Rxe3 32. fxe3 Ng2 33. Bxg2 Bxh2 34. f4 Bxf4 35. exf4 Nxf4 36. Bf1 Qxa4 37. Re7+ Kh6 38. Rd2 a5 39. Rf2 Nh5 40. Ra2 Qd1 41. Be2 Qxd4 42. Bxh5 Kxh5 43. Rxa5 f5 44. Rxh7+ Kg5 45. h4+ Kg4 46. Re7 Kxh4 47. Ra2 Qg1 48. Rd2 Kg5 49. Rxd5 b3 50. Re2 b2 51. Kxb2 Kh6 52. Nd3 Qb6+ 53. Kc3 Qc6+ 54. Rc5 Qf6+ 55. Kd2 Qa1 56. Re1 Qa2+ 57. Ke3 Qa7 58. Rh1+ Kg7 59. Rc1 Kh6 60. Ke2 Qa2+ 61. Kf3 Qa3 62. R1c3 Qa1 63. Kg2 Qd1 64. Nf2 Qd6 65. Kg1 Qa6 66. Rc6 Qa1+ 67. Kg2 Qa8 68. Kg3 Qa1 69. Rd3 Qg1+ 70. Kf3 Qg5 71. Rdd6 Qh5+ 72. Kg2 Qg5+ 73. Kf1 Qg3 74. Rd3 Qe5 75. Kg2 Qe8 76. Rdd6 Kh5 77. Re6 Qg8 78. Kf3 Qd8 79. Rxg6 Qd5+ 80. Kg3 f4+ 81. Kxf4 Qd2+ 82. Kf3 Qd5+ 83. Ke2 Qa2+ 84. Ke3 Qa7+ 85. Kf3 Qf7+ 86. Rgf6 Qd5+ 87. Ke3 Qg5+ 88. Ke4 Qd2 89. Nd3 Qg2+ 90. Rf3 Qe2+ 91. Kf4 Qh2+ 92. Ke4 1-0

[Event "German Masters 2022"]
[Site "Magdeburg GER"]
[Date "2022.08.16"]
[Round "1.1"]
[White "Tobias Koelle"]
[Black "Vincent Keymer"]
[Result "0-1"]
[EventDate "2022.08.16"]
[WhiteElo "2433"]
[BlackElo "2672"]
[PlyCount "86"]

1. d4 Nf6 2. c4 e6 3. Nf3 d5 4. Nc3 h6 5. Bf4 Bd6 6. Bxd6 Qxd6 7. e3 O-O 8. Bd3 b6 9. cxd5 Nxd5 10. Nxd5 exd5 11. O-O Be6 12. Rc1 Nd7 13. Qa4 c5 14. dxc5 bxc5 15. Rfd1 Rfc8 16. b3 a5 17. Qa3 Qb6 18. e4 d4 19. Qa4 Bg4 20. Re1 Qg6 21. Nd2 Ne5 22. Bf1 Qg5 23. Rc2 d3 24. Rb2 Bd7 25. Qa3 a4 26. bxa4 Bxa4 27. Qc3 Bc2 28. Re3 Ng4 29. Rg3 Qf4 30. Nf3 c4 31. Rb4 Nf6 32. Nd2 Rab8 33. Rxb8 Rxb8 34. Rf3 Nxe4 35. Rxf4 Nxc3 36. Rxc4 Nb1 37. Nf3 Rd8 38. a4 Bb3 39. Rd4 Rxd4 40. Nxd4 d2 41. Be2 Nc3 42. Bf3 Bd5 43. Bg4 h5 0-1

[Event "44th Olympiad"]
[Site "Chennai IND"]
[Date "2022.08.09"]
[Round "11.1"]
[White "Vincent Keymer"]
[Black "D Gukesh"]
[Result "1/2-1/2"]
[EventDate "2022.07.29"]
[WhiteElo "2686"]
[BlackElo "2684"]
[PlyCount "150"]

1. d4 Nf6 2. c4 e6 3. Nf3 d5 4. Nc3 Bb4 5. cxd5 exd5 6. Qa4+ Nc6 7. Bg5 h6 8. Bxf6 Qxf6 9. e3 O-O 10. Be2 Qd6 11. O-O Bxc3 12. bxc3 Bd7 13. Nd2 b6 14. Qd1 Na5 15. c4 dxc4 16. Nxc4 Nxc4 17. Bxc4 c5 18. dxc5 Qxc5 19. Qxd7 Qxc4 20. Rfc1 Qe4 21. Rd1 Rfe8 22. Rac1 Re7 23. Qd6 Rae8 24. h3 Re6 25. Qd4 Qxd4 26. Rxd4 h5 27. Kf1 g6 28. Ke2 b5 29. a4 bxa4 30. Rxa4 Rb8 31. Ra2 Re7 32. Rc6 Kg7 33. Rca6 Rbb7 34. Kf3 Rbc7 35. R6a5 Rb7 36. g4 hxg4+ 37. hxg4 Rbc7 38. Kg3 Rb7 39. R2a3 Rbc7 40. g5 Rb7 41. f3 Rec7 42. e4 Re7 43. Kf4 Rec7 44. Ra1 Rd7 45. Rd5 Rxd5 46. exd5 f6 47. Ra4 Kf7 48. Ke4 fxg5 49. Ke5 Re7+ 50. Kd4 Ke8 51. Ra3 Rf7 52. Ke5 Re7+ 53. Kd6 Kd8 54. Kc5 Rc7+ 55. Kd4 Rf7 56. Ke5 a5 57. Rxa5 Rxf3 58. Ke6 Re3+ 59. Kd6 Kc8 60. Ra4 Rd3 61. Rc4+ Kd8 62. Ra4 Kc8 63. Rg4 Rd1 64. Rxg5 Rd2 65. Rxg6 Rd1 66. Rh6 Kb7 67. Rh2 Kc8 68. Rh5 Rd2 69. Rh8+ Kb7 70. Rh7+ Kc8 71. Rc7+ Kd8 72. Rc4 Rh2 73. Re4 Ra2 74. Re6 Ra1 75. Re2 1/2-1/2

[Event "44th Olympiad"]
[Site "Chennai IND"]
[Date "2022.08.08"]
[Round "10.8"]
[White "Vincent Keymer"]
[Black "Avital Boruchovsky"]
[Result "1-0"]
[EventDate "2022.07.29"]
[WhiteElo "2686"]
[BlackElo "2551"]
[PlyCount "110"]

1. c4 e6 2. Nc3 d5 3. d4 Nf6 4. cxd5 exd5 5. Bg5 c6 6. e3 Bf5 7. Qf3 Bg6 8. Bxf6 Qxf6 9. Qxf6 gxf6 10. Kd2 Nd7 11. Nge2 Nb6 12. Nf4 Nc4+ 13. Bxc4 dxc4 14. a4 O-O-O 15. a5 Bd6 16. Nxg6 hxg6 17. Ne4 Bb4+ 18. Kc2 Rd5 19. Ra4 Be7 20. h3 Rhh5 21. Rha1 a6 22. f4 Rb5 23. Nd2 c5 24. Nxc4 cxd4 25. Nb6+ Kb8 26. Rxd4 Rhc5+ 27. Rc4 Rxa5 28. Rxa5 Rxa5 29. Nd7+ Ka7 30. Re4 Bd6 31. Nxf6 Ra1 32. Re8 Rg1 33. g4 Rg2+ 34. Kb1 Rh2 35. Ne4 Bc7 36. Re7 Bb6 37. Nd6 Bc5 38. Rxb7+ Ka8 39. Rd7 Bxe3 40. Rxf7 Rxh3 41. Nc4 Bd4 42. Rd7 Bc5 43. Rd5 Bg1 44. Ne5 Rh4 45. Rd6 Be3 46. Rxa6+ Kb7 47. Ra4 g5 48. f5 Bf4 49. Ng6 Rh1+ 50. Ka2 Bd6 51. Re4 Rf1 52. Re6 Kc6 53. Ne7+ Kd7 54. Nd5 Kc6 55. Nf6 1-0

[Event "44th Olympiad"]
[Site "Chennai IND"]
[Date "2022.08.07"]
[Round "9.6"]
[White "Tomas Laurusas"]
[Black "Vincent Keymer"]
[Result "0-1"]
[EventDate "2022.07.29"]
[WhiteElo "2561"]
[BlackElo "2686"]
[PlyCount "74"]

1. d4 Nf6 2. c4 e6 3. Nf3 d5 4. Nc3 c6 5. e3 Nbd7 6. Qc2 Bd6 7. Bd3 O-O 8. O-O dxc4 9. Bxc4 e5 10. h3 Qe7 11. Bb3 a5 12. a3 Bb8 13. Rd1 h6 14. Nh4 Rd8 15. Nf5 Qe8 16. dxe5 Nxe5 17. f4 Rxd1+ 18. Nxd1 a4 19. Ba2 Bxf5 20. Qxf5 Ned7 21. Nf2 Ba7 22. Bd2 Nc5 23. Re1 Rd8 24. Bc3 Nce4 25. Nxe4 Qxe4 26. Qa5 Bxe3+ 27. Kh1 b6 28. Qa7 Nd5 29. Be5 Qc2 30. Bxd5 cxd5 31. Qe7 Rc8 32. Bxg7 Bf2 33. Be5 Bxe1 34. Qf6 Qh7 35. f5 Bd2 36. g4 Bg5 37. Qxb6 h5 0-1